000 00535nam a2200217 a 4500
001 0001-2033
003 ELIB.Books
008 190701 2010 eng
020 _aKBTS
092 _a930.049
_bCoo
100 _aCoote, Robert B.
245 _aEarly Isreal A New Horizon
260 _aMinneapolis
_bFortress Press
_c1990
300 _a197
_c20.4 cm
650 _aHistory
856 _nKBTS Library
_uKBTS Elib
942 _2ddc
_cBK
990 _a1
998 _aEnglishbooks.elf
_ccat
_e2019-07-01
999 _c12033
_d12033